000 00285nam a2200133Ia 4500
100 _aJones/Edward
942 _cRB
654 _aFox pro 2
245 _aFox Pro 2 made easy
260 _bObsorne/ McGraw - Hill
_aNew Delhi
_c1991
300 _a579
546 _aENGLISH
999 _c28197
_d28197